Sports Quiz

Random Sports Quiz

Players for Luton Town 2012/13 Quiz Stats

 Plays Quiz not verified by Sporcle

Challenge
Share
Tweet
Embed
Score 0/27 Timer 10:00
0 Plays Today
Position Player % Correct
GoalkeeperMark Tyler
97.1%
StrikerAndre Gray
89.2%
Defender/midfieldJake Howells
79.4%
MidfieldAlex Lawless
76.5%
StrikerScott Rendell
76.5%
StrikerStuart Fleetwood
75.5%
GoalkeeperDean Brill
72.5%
DefenderJanos Kovacs
69.6%
DefenderRonnie Henry
68.6%
StrikerJon Shaw
66.7%
MidfieldJJ O'Donnell
63.7%
MidfieldJonathan Smith
63.7%
DefenderGreg Taylor
62.7%
DefenderLathanial Rowe-Turner
61.8%
Position Player % Correct
MidfieldArnaud Mendy
53.9%
StrikerDan Walker
44.1%
DefenderAlex Lacey
44.1%
MidfieldAdam Watkins
43.1%
MidfieldMatt Robinson
43.1%
StrikerJake Robinson
43.1%
DefenderDean Beckwith
42.2%
DefenderSimon Ainge
42.2%
DefenderConnor Essam
29.4%
Midfield/strikerJake Woolley
26.5%
MidfieldJames Dance
23.5%
MidfieldYasser Kasim
15.7%
MidfieldScott Neilsen
12.7%

You're not logged in!

Compare scores with friends on all Sporcle quizzes.
OR
Log In

You Might Also Like...

Show Comments

Extras

Created Jan 11, 2013ReportNominate
Tags:2012, player, town

Top Quizzes Today


Score Distribution

Your Account Isn't Verified!

In order to create a playlist on Sporcle, you need to verify the email address you used during registration. Go to your Sporcle Settings to finish the process.

Report this User

Report this user for behavior that violates our Community Guidelines.

Details: